Law and princuples at Co-operation / (Record no. 11560)
[ view plain ]
| 000 -LEADER | |
|---|---|
| fixed length control field | 00304cam a2200121ua 4500 |
| 041 ## - LANGUAGE CODE | |
| Language code of text/sound track or separate title | eng |
| 082 ## - DEWEY DECIMAL CLASSIFICATION NUMBER | |
| Classification number | 334.01 |
| Item number | CAL/LA |
| 100 ## - MAIN ENTRY--AUTHOR NAME | |
| Personal name | Calvert H, Mukherjee. B.B . |
| 245 ## - TITLE STATEMENT | |
| Title | Law and princuples at Co-operation / |
| 300 ## - PHYSICAL DESCRIPTION | |
| Number of Pages | 690 ; . |
No items available.
